Modelling and geochemical exploration of mineral deposits : (Record no. 692)
[ view plain ]
| 000 -LEADER | |
|---|---|
| fixed length control field | 00462 a2200121 4500 |
| 020 ## - INTERNATIONAL STANDARD BOOK NUMBER | |
| International Standard Book Number | 8185589437 |
| 082 ## - DEWEY DECIMAL CLASSIFICATION NUMBER | |
| Classification number | 553 TAL |
| 100 ## - MAIN ENTRY--PERSONAL NAME | |
| Personal name | Talapatra, Ashoke K. |
| 245 ## - TITLE STATEMENT | |
| Title | Modelling and geochemical exploration of mineral deposits : |
| Remainder of title | a treatise on exploration of concealed land and offshore deposits / |
| Statement of responsibility, etc. | Ashoke K. Talapatra. |
| 260 ## - PUBLICATION, DISTRIBUTION, ETC. | |
| Place of publication, distribution, etc. | New Delhi : |
| Name of publisher, distributor, etc. | Capital Pub. Co., |
| Date of publication, distribution, etc. | c2006. |
| 300 ## - PHYSICAL DESCRIPTION | |
| Extent | xiv, 170 p : |
| Other physical details | ill.; |
| Dimensions | 25 cm. |
| 520 ## - SUMMARY, ETC. | |
| Summary, etc. | Chiefly with reference to India. |
| 650 ## - SUBJECT ADDED ENTRY--TOPICAL TERM | |
| Topical term or geographic name entry element | Minerals |
| Geographic subdivision | India. |
| Withdrawn status | Lost status | Damaged status | Not for loan | Permanent Location | Current Location | Shelving location | Date acquired | Total Checkouts | Full call number | Barcode | Date last seen | Price effective from | Koha item type |
|---|---|---|---|---|---|---|---|---|---|---|---|---|---|
| School of Civil and Environmental Engineering (SCEE) | School of Civil and Environmental Engineering (SCEE) | 553 TAL | NIT-3759 | 01/05/2017 | 01/05/2017 | Book |
